|
|
|
|
| LEADER |
00000nam0a2200000 4500 |
| 001 |
105022 |
| 005 |
20231031114253.0 |
| 010 |
|
|
|a 5947230143
|
| 035 |
|
|
|a (RuTPU)RU\TPU\book\113270
|
| 090 |
|
|
|a 105022
|
| 100 |
|
|
|a 20061110d2007 m y0rusy50 ca
|
| 101 |
1 |
|
|a rus
|c eng
|
| 102 |
|
|
|a RU
|
| 105 |
|
|
|a a j 001zy
|
| 200 |
1 |
|
|a Менеджмент
|e пер. с англ.
|f Р. Л. Дафт
|
| 205 |
|
|
|a 6-е изд.
|
| 210 |
|
|
|a СПб.
|c Питер
|d 2007
|
| 215 |
|
|
|a 864 с.
|c ил.
|
| 225 |
1 |
|
|a МВА классика
|
| 320 |
|
|
|a Глоссарий: с. 822-847.
|
| 320 |
|
|
|a Именной указатель: с. 848-850.
|
| 320 |
|
|
|a Предметный указатель: с. 850-859.
|
| 320 |
|
|
|a Иностранные термины: 859-863.
|
| 330 |
|
|
|a Учебник Ричарда Дафта — одна из самых признанных работ по менеджменту. Современная реальность требует нового стиля управления, и концепция автора полностью соответствует изменившейся ситуации. Подход, ориентированный на раскрытие творческого потенциала личности, получает все большее признание в мире бизнеса. И если вы хотите идти в ногу со временем — эта книга для вас. Ясный, доступный стиль изложения, множество примеров и тестов делает работу прекрасным учебником для студентов и незаменимым руководством для менеджеров разного уровня. Прочитав эту книгу, вы найдете оптимальные решения сложных и, казалось бы, неразрешимых задач.
|
| 451 |
|
1 |
|0 (RuTPU)RU\TPU\book\58842
|y 5-272-00240-7
|t Менеджмент
|o учебник
|o пер. с англ.
|f Р. Л. Дафт
|e 2-е изд.
|c СПб.
|n Питер
|d 2003
|p 832 с.
|s Теория и практика менеджмента
|a Дафт, Ричард
|
| 610 |
1 |
|
|a экономика
|
| 610 |
1 |
|
|a управление
|
| 610 |
1 |
|
|a менеджмент
|
| 610 |
1 |
|
|a внешняя среда
|
| 610 |
1 |
|
|a планирование
|
| 610 |
1 |
|
|a организации
|
| 610 |
1 |
|
|a лидерство
|
| 610 |
1 |
|
|a контроль
|
| 610 |
1 |
|
|a корпоративная структура
|
| 610 |
1 |
|
|a социокультурная среда
|
| 610 |
1 |
|
|a управленческие решения
|
| 610 |
1 |
|
|a этика
|
| 610 |
1 |
|
|a социальная ответственность
|
| 610 |
1 |
|
|a малые предприятия
|
| 610 |
1 |
|
|a интернет-компании
|
| 610 |
1 |
|
|a стратегический менеджмент
|
| 610 |
1 |
|
|a организационная структура
|
| 610 |
1 |
|
|a организационные изменения
|
| 610 |
1 |
|
|a человеческие ресурсы
|
| 610 |
1 |
|
|a персонал
|
| 610 |
1 |
|
|a организационное поведение
|
| 610 |
1 |
|
|a мотивация
|
| 610 |
1 |
|
|a коммуникации
|
| 610 |
1 |
|
|a командная работа
|
| 610 |
1 |
|
|a информационные технологии
|
| 610 |
1 |
|
|a управление запасами
|
| 610 |
1 |
|
|a операционный менеджмент
|
| 610 |
1 |
|
|a учебники
|
| 686 |
|
|
|a У821я73
|v LBC/SL-A
|2 rubbk
|
| 700 |
|
1 |
|a Дафт
|b Р. Л.
|g Ричард Л.
|
| 801 |
|
1 |
|a RU
|b 63413507
|c 20061110
|g PSBO
|
| 801 |
|
2 |
|a RU
|b 63413507
|c 20120621
|g PSBO
|
| 900 |
|
|
|a Операционный менеджмент
|
| 942 |
|
|
|c BK
|
| 959 |
|
|
|a 90/20061025
|d 1
|e 499,00
|f ЧЗГЛ:1
|